Cities in Croatia - Statistics

General Stats
  • This quiz has been taken 124 times
  • The average score is 55 of 128
Answer Stats
Answer % Correct
Zagreb
95%
Rijeka
90%
Split
90%
Zadar
87%
Pula
86%
Dubrovnik
85%
Osijek
84%
Varaždin
79%
Vukovar
77%
Karlovac
74%
Šibenik
74%
Krk
72%
Slavonski Brod
71%
Gospić
66%
Makarska
65%
Cres
64%
Opatija
64%
Poreč
64%
Rovinj
64%
Bjelovar
63%
Sisak
63%
Sinj
62%
Vinkovci
62%
Čakovec
60%
Knin
59%
Pazin
59%
Senj
59%
Hvar
58%
Trogir
58%
Umag
58%
Velika Gorica
58%
Krapina
57%
Koprivnica
56%
Pag
56%
Požega
56%
Virovitica
55%
Kaštela
51%
Korčula
51%
Biograd na Moru
50%
Daruvar
50%
Ogulin
50%
Omiš
50%
Zaprešić
50%
Crikvenica
49%
Đakovo
49%
Delnice
48%
Kutina
48%
Solin
48%
Stari Grad
48%
Imotski
47%
Nin
47%
Petrinja
47%
Samobor
47%
Ilok
45%
Nova Gradiška
45%
Rab
45%
Beli Manastir
44%
Križevci
44%
Novigrad
44%
Novi Vinodolski
44%
Metković
43%
Županja
43%
Vis
42%
Ploče
40%
Slatina
40%
Mali Lošinj
38%
Našice
38%
Vodice
37%
Glina
36%
Ivanić Grad
36%
Labin
36%
Drniš
35%
Slunj
35%
Bakar
34%
Buje
34%
Buzet
34%
Jastrebarsko
34%
Komiža
34%
Novalja
34%
Dugo Selo
33%
Hrvatska Kostajnica
33%
Otočac
33%
Supetar
33%
Đurđevac
31%
Zabok
31%
Benkovac
30%
Čazma
30%
Duga Resa
30%
Lipik
30%
Obrovac
30%
Vrbovsko
29%
Sveti Ivan Zelina
28%
Čabar
27%
Ludbreg
27%
Opuzen
27%
Prelog
27%
Sveta Nedelja
27%
Novska
26%
Skradin
26%
Vrbovec
26%
Garešnica
24%
Kraljevica
24%
Orahovica
24%
Pakrac
24%
Vrgorac
24%
Zlatar
24%
Donja Stubica
23%
Donji Miholjac
23%
Ivanec
23%
Kutjevo
23%
Lepoglava
23%
Novi Marof
23%
Kastav
22%
Mursko Središće
22%
Otok
22%
Popovača
22%
Valpovo
22%
Vodnjan
22%
Oroslavje
21%
Ozalj
21%
Belišće
20%
Grubišno Polje
20%
Klanjec
19%
Trilj
19%
Varaždinske Toplice
19%
Vrlika
19%
Pleternica
17%
Pregrada
16%
No matching quizzes found
Score Distribution
Percent of People with Each Score
Percentile by Number Answered
Your Score History
You have not taken this quiz